| 000 | 01068nam a2200289 a 4500 | ||
|---|---|---|---|
| 001 | 26512 | ||
| 003 | CO-ViMGA | ||
| 005 | 20230915224034.0 | ||
| 008 | 141112s2004 ck r 000 u spa d | ||
| 015 | _ack - 2008 - xxxx | ||
| 020 | _a9789584428516 | ||
| 040 |
_aCO-ViMGA _bspa _cCO-ViMGA |
||
| 043 | _as - ck - - - | ||
| 090 | _aN APO1 | ||
| 100 | 1 | _aAponte, Silvia, 1938 - 2014 | |
| 240 | _aArauca - Bibliografía regional | ||
| 245 | 1 | 0 |
_aCapitán Guadalupe Salcedo / _cSilvia Aponte. |
| 260 |
_aIbagué : _bCaza de Libros : _bPijao Editores |
||
| 300 | _a128 p. ; 21 cm. | ||
| 490 | _a50 novelas colombianas y una pintada ; 239 | ||
| 600 |
_aSALCERDO, JOSE GUADALUPE, 1924 - 1957 NOVELA. _95847 |
||
| 650 | 1 | 4 |
_aNOVELA COLOMBIANA _91193 |
| 651 |
_aLLANOS ORIENTALES (COLOMBIA) - - VIDA SOCIAL Y COSTUMBRES - - NOVELA _95848 |
||
| 942 |
_2ddc _cBK |
||
| 949 | _ac c | ||
| 999 |
_c11025 _d11025 |
||